عرض عادي عرض مارك
  • Luke, Robin.

مدخل إسم شخص

عدد التسجيلات المستخدمة في: 1

001 - رقم الضبط

  • حقل الضبط: 13672

003 - معرف رقم الضبط

  • حقل الضبط: OSt

005 - تاريخ ووقت أخر عملية

  • حقل الضبط: 20120510182753.0

008 - عناصر بيانات ثابتة الطول

  • حقل تحكم ثابت الطول: 120510|||a|||||| | ||| d

040 ## - مصدر الفهرسة

  • هيئة الفهرسة الأصلية: OSt
  • وكالة الكتابة: OSt

100 ## - مدخل -- أسم شخص

  • إسم شخص: Luke, Robin.

670 ## - بيانات المصدر موجوده

  • الاستشهاد بالمصدر: Work cat.: (OSt)0: Johnston, Mike, CPhT. 13662, Sterile products and aseptic techniques for the pharmacy technician /, 2011.